<?xml version="1.0" encoding="UTF-8"?><?xml-stylesheet type="text/xsl" href="static/style.xsl"?><OAI-PMH xmlns="http://www.openarchives.org/OAI/2.0/" xmlns:xsi="http://www.w3.org/2001/XMLSchema-instance" xsi:schemaLocation="http://www.openarchives.org/OAI/2.0/ http://www.openarchives.org/OAI/2.0/OAI-PMH.xsd"><responseDate>2026-04-26T22:06:44Z</responseDate><request verb="GetRecord" identifier="oai:uvadoc.uva.es:10324/22690" metadataPrefix="marc">https://uvadoc.uva.es/oai/request</request><GetRecord><record><header><identifier>oai:uvadoc.uva.es:10324/22690</identifier><datestamp>2025-03-26T16:41:31Z</datestamp><setSpec>com_10324_1170</setSpec><setSpec>com_10324_931</setSpec><setSpec>com_10324_894</setSpec><setSpec>col_10324_1367</setSpec></header><metadata><record xmlns="http://www.loc.gov/MARC21/slim" xmlns:doc="http://www.lyncode.com/xoai" xmlns:xsi="http://www.w3.org/2001/XMLSchema-instance" xmlns:dcterms="http://purl.org/dc/terms/" xsi:schemaLocation="http://www.loc.gov/MARC21/slim http://www.loc.gov/standards/marcxml/schema/MARC21slim.xsd">
<leader>00925njm 22002777a 4500</leader>
<datafield tag="042" ind1=" " ind2=" ">
<subfield code="a">dc</subfield>
</datafield>
<datafield tag="720" ind1=" " ind2=" ">
<subfield code="a">Reyes Serrano, Miriam</subfield>
<subfield code="e">author</subfield>
</datafield>
<datafield tag="720" ind1=" " ind2=" ">
<subfield code="a">Melgar Bachiller, Andrés</subfield>
<subfield code="e">author</subfield>
</datafield>
<datafield tag="720" ind1=" " ind2=" ">
<subfield code="a">Pérez, Ana Mercedes</subfield>
<subfield code="e">author</subfield>
</datafield>
<datafield tag="720" ind1=" " ind2=" ">
<subfield code="a">Giménez Olavarría, Blanca</subfield>
<subfield code="e">author</subfield>
</datafield>
<datafield tag="260" ind1=" " ind2=" ">
<subfield code="c">2013</subfield>
</datafield>
<datafield tag="520" ind1=" " ind2=" ">
<subfield code="a">Se presenta una metodología para el estudio de la influencia de la adicción de&#xd;
hidrógeno (de 0 a 100% en sustitución del gas natural en mezclas de gas&#xd;
natural/aire en la dispersión cíclica de la combustión de un motor de encendido&#xd;
provocado. Se utiliza un algoritmo genético que optimiza un modelo de&#xd;
diagnóstico de la combustión a partir de la presión medida experimentalmente&#xd;
en la cámara de combustión de forma que se optimizan entradas al modelo de&#xd;
diágnóstico como son el ángulo de la presión máxima y el offset de presión, la&#xd;
relación de compresión volumétrica, el índice de la transferencia de calor a las&#xd;
paredes, etc. Se observa que la adición de hidrógeno aumenta mucho la&#xd;
velocidad de combustión a partir de un valor del 60%.</subfield>
</datafield>
<datafield tag="024" ind2=" " ind1="8">
<subfield code="a">International Journal of Hydrogen Energy, Volume 38, Issue 35, 22 November 2013, Pages 15477–15487</subfield>
</datafield>
<datafield tag="024" ind2=" " ind1="8">
<subfield code="a">03603199</subfield>
</datafield>
<datafield tag="024" ind2=" " ind1="8">
<subfield code="a">http://uvadoc.uva.es/handle/10324/22690</subfield>
</datafield>
<datafield tag="024" ind2=" " ind1="8">
<subfield code="a">10.1016/j.ijhydene.2013.09.071</subfield>
</datafield>
<datafield tag="024" ind2=" " ind1="8">
<subfield code="a">15477</subfield>
</datafield>
<datafield tag="024" ind2=" " ind1="8">
<subfield code="a">Volume 38, Issue 35</subfield>
</datafield>
<datafield tag="024" ind2=" " ind1="8">
<subfield code="a">15487</subfield>
</datafield>
<datafield tag="024" ind2=" " ind1="8">
<subfield code="a">International Journal of Hydrogen Energy</subfield>
</datafield>
<datafield tag="024" ind2=" " ind1="8">
<subfield code="a">83</subfield>
</datafield>
<datafield ind1=" " ind2=" " tag="653">
<subfield code="a">motores de combustión interna</subfield>
</datafield>
<datafield ind1=" " ind2=" " tag="653">
<subfield code="a">Combustión</subfield>
</datafield>
<datafield tag="245" ind1="0" ind2="0">
<subfield code="a">Study of the cycle-to-cycle variations of an internal combustion engine fuelled with natural gas/hydrogen blends from the diagnosis of combustion pressure</subfield>
</datafield>
</record></metadata></record></GetRecord></OAI-PMH>